Wszystkie kluby w historii Ekstraklasy - Statystyki

Ogólne statystyki
  • Ten quiz został rozwiązany 253 razy
  • Średni wynik to 42 z 85
Statystyki odpowiedzi
Odpowiedź % Poprawnych
Legia Warszawa
96%
Lech Poznań
95%
Wisła Kraków
93%
Arka Gdynia
92%
Cracovia
92%
Pogoń Szczecin
92%
Lechia Gdańsk
90%
Polonia Warszawa
90%
ŁKS Łódź
88%
Górnik Zabrze
87%
Śląsk Wrocław
87%
Widzew Łódź
86%
GKS Katowice
85%
Jagiellonia Białystok
85%
Warta Poznań
85%
Zagłębie Lubin
84%
Ruch Chorzów
83%
Wisła Płock
82%
Korona Kielce
79%
Piast Gliwice
79%
Raków Częstochowa
78%
Polonia Bytom
75%
Zawisza Bydgoszcz
75%
Górnik Łęczna
73%
Radomiak Radom
73%
Stal Mielec
73%
Motor Lublin
72%
Amica Wronki
71%
GKS Bełchatów
71%
Zagłębie Sosnowiec
71%
Odra Opole
69%
Hutnik Kraków
68%
Miedź Legnica
68%
Podbeskidzie Bielsko-biała
68%
Stomil Olsztyn
67%
GKS Tychy
66%
Stal Rzeszów
66%
Sandecja Nowy Sącz
65%
Garbarnia Kraków
64%
Pogoń Lwów
54%
Dyskobolia Grodzisk Wielkopolski
50%
Szombierki Bytom
50%
Odra Wodzisław Śląski
48%
Termalica Bruk-Bet Nieciecza
47%
Górnik Polkowice
42%
Górnik Wałbrzych
41%
KSZO Ostrowiec Świętokrzyski
41%
Gwardia Warszawa
40%
Siarka Tarnobrzeg
39%
GKS Jastrzębie
38%
RKS Radomsko
38%
Bałtyk Gdynia
35%
Stal Stalowa Wola
35%
Ruch Radzionków
32%
Świt Nowy Dwór Mazowiecki
32%
Olimpia Poznań
30%
ROW Rybnik
30%
Szczakowianka Jaworzno
30%
Sokół Pniewy
22%
Czarni Lwów
21%
Igloopol Dębica
21%
Polonia Bydgoszcz
21%
Zagłębie Wałbrzych
21%
Warszawianka
18%
AKS Chorzów
17%
Śmigły Wilno
17%
FC Katowice
16%
Górnik Radlin
16%
Klub Turystów Łódź
16%
Arkonia Szczecin
14%
Sokół Tychy
14%
Wawel Kraków
14%
Jutrzenka Kraków
13%
Tarnovia Tarnów
13%
Hasmonea Lwów
12%
Lechia Lwów
12%
Dąb Katowice
11%
Union-Touring Łódź
11%
TKS Toruń
10%
Podgórze Kraków
9%
Unia Racibórz
9%
Śląsk Świętochłowice
8%
ŁTSG Łódź
6%
Rymer Rybnik
3%
Strzelec Siedlce
2%
Nie znaleziono quizów pasujących do podanych kryteriów
Rozkład punktacji
Procent ludzi z każdym wynikiem
Percentyl według liczby udzielonych odpowiedzi
Twoja historia wyników
Nie rozwiązałeś tego quizu